Bytový dom
Enregistré dans:
| Auteur principal: | |
|---|---|
| Autres auteurs: | |
| Format: | Manuscrit Livre |
| Langue: | slovaque |
| Publié: |
2016
|
| Sujets: | |
| Accès en ligne: | http://is.stuba.sk/zp/portal_zp.pl?podrobnosti=99831 https://opac.crzp.sk/?fn=detailBiblioForm&sid=FF44C990A7CA883E4D8C5F929FD7 |
| Tags: |
Pas de tags, Soyez le premier à ajouter un tag!
|
MARC
| LEADER | 00000ntm a22000003a 4500 | ||
|---|---|---|---|
| 001 | stuzp51834 | ||
| 003 | SK-STU | ||
| 005 | 20230608143439.2 | ||
| 007 | ta | ||
| 008 | 150427s2015----xo-----f-mn---000-0-slo-d | ||
| 040 | |a STU |b slo | ||
| 041 | 0 | |a slo | |
| 100 | 1 | |a Novotný, Ján |u 010270 |4 aut |U SvF Stavebná fakulta |T SvF Katedra technológie stavieb |X 55573 |U V270 |Y 28 |7 55573 | |
| 242 | 0 | 1 | |a Residential building |y eng |
| 245 | 1 | 0 | |a Bytový dom |
| 260 | |c 2016 | ||
| 650 | 4 | |a Murovanie |2 slo | |
| 650 | 4 | |a Tehla |2 slo | |
| 650 | 4 | |a TermoBRIK |2 slo | |
| 650 | 4 | |a Brick |2 eng | |
| 650 | 4 | |a Masonry |2 eng | |
| 650 | 4 | |a TermoBRIK |2 eng | |
| 700 | 1 | |a Briatka, Peter |u 010270 |k Z8 |4 ths |U SvF Stavebná fakulta |T SvF Katedra technológie stavieb |X 23787 |U V270 |Y 28 |7 A000023787 | |
| 856 | 4 | |u http://is.stuba.sk/zp/portal_zp.pl?podrobnosti=99831 | |
| 856 | 4 | |u https://opac.crzp.sk/?fn=detailBiblioForm&sid=FF44C990A7CA883E4D8C5F929FD7 | |
| SQL | |a stuzp51834 |b DBP |c SLO |d Bytový dom |e 55573 |f Novotný, Ján |g 010270 |h 23787 |i Briatka, Peter |j 20160621 |k 6 |l 01 |m http://is.stuba.sk/zp/portal_zp.pl?podrobnosti=99831 |n B-TMS |o 5.2.8. stavebníctvo | ||